Normal view
MARC view
- Cairney, Paul
Entry Personal Name
001 - CONTROL NUMBER
- control field: 16483
003 - CONTROL NUMBER IDENTIFIER
- control field: OSt
005 - DATE AND TIME OF LATEST TRANSACTION
- control field: 20260619125121.0
008 - FIXED-LENGTH DATA ELEMENTS
- fixed length control field: 260619|| aca||aabn | a|a d
040 ## - CATALOGING SOURCE
- Original cataloging agency: OSt
- Transcribing agency: OSt
100 ## - HEADING--PERSONAL NAME
- Personal name: Cairney, Paul
670 ## - SOURCE DATA FOUND
- Source citation: Work cat.: (OSt)760795: Cairney, Paul,, Understanding public policy :, , 2024
